00299nam a2200121Ia 4500008004100000041000800041082001700049100001100066245003100077260003300108300001900141999001700160241015s9999 xx 000 0 und d aeng a658.4013 MOR aMorgan aLean Six Sigma For Dummies bWiley IndiaaNew Delhic2016 a350;. p. 23 cm c41898d41898